000 00436ntaaa2200181 4500
003 01
005 20251027202809.0
008 0714s1973 ag 01
040 _aAR-BaBN
_bspa
_cAR-BaBN
_eaacr
_dRIC
082 _a868.8950 G16
100 _aGarcía, Serafín J.
_928292
245 _aTacuruses
250 _a1 ed.
260 _aMontevideo :
_bLibrería Blundi,
_c1942
300 _a119 p
650 _aliteratura-Uruguaya
942 _cBK
999 _c23322
_d23322